000 01403nam a2200337Ia 4500
001 ebr10641972
003 CaPaEBR
006 m u
007 cr cn|||||||||
008 120709s2012 cau sb 001 0 eng d
010 _z 2012027276
020 _z9781611320442 (hardback : alk. paper)
020 _z9781611320459 (pbk. : alk. paper)
020 _z9781611320466 (institutional ebook)
020 _z9781611325621 (consumer ebook)
040 _aCaPaEBR
_cCaPaEBR
035 _a(OCoLC)823389944
050 1 4 _aAM7
_b.F352 2012eb
100 1 _aFalk, John H.
_q(John Howard),
_d1948-
245 1 4 _aThe museum experience revisited
_h[electronic resource] /
_cJohn H. Falk and Lynn D. Dierking.
260 _aWalnut Creek, Calif. :
_bLeft Coast Press,
_c2012.
300 _a416 p.
504 _aIncludes bibliographical references and index.
533 _aElectronic reproduction.
_bPalo Alto, Calif. :
_cebrary,
_d2013.
_nAvailable via World Wide Web.
_nAccess may be limited to ebrary affiliated libraries.
650 0 _aMuseums
_xEducational aspects.
650 0 _aAntiquities
_xCollection and preservation
_xSocial aspects.
655 7 _aElectronic books.
_2local
700 1 _aDierking, Lynn D.
_q(Lynn Diane),
_d1956-
710 2 _aebrary, Inc.
856 4 0 _uhttp://site.ebrary.com/lib/rucke/Doc?id=10641972
_zAn electronic book accessible through the World Wide Web; click to view
999 _c31807
_d31807